<?xml version="1.0" encoding="UTF-8"?>
<record
    xmlns:xsi="http://www.w3.org/2001/XMLSchema-instance"
    xsi:schemaLocation="http://www.loc.gov/MARC21/slim http://www.loc.gov/standards/marcxml/schema/MARC21slim.xsd"
    xmlns="http://www.loc.gov/MARC21/slim">

  <leader>02229cam a2200313 i 4500</leader>
  <controlfield tag="001">21934071</controlfield>
  <controlfield tag="003">OSt</controlfield>
  <controlfield tag="005">20231016103512.0</controlfield>
  <controlfield tag="008">210310s2021    enk      b    001 0 eng  </controlfield>
  <datafield tag="010" ind1=" " ind2=" ">
    <subfield code="a">  2021934964</subfield>
  </datafield>
  <datafield tag="020" ind1=" " ind2=" ">
    <subfield code="a">9780198865506</subfield>
    <subfield code="q">(paperback)</subfield>
  </datafield>
  <datafield tag="020" ind1=" " ind2=" ">
    <subfield code="z">9780192634894</subfield>
    <subfield code="q">(epub)</subfield>
  </datafield>
  <datafield tag="020" ind1=" " ind2=" ">
    <subfield code="z">9780192634887</subfield>
    <subfield code="q">(pdf)</subfield>
  </datafield>
  <datafield tag="040" ind1=" " ind2=" ">
    <subfield code="a">DLC</subfield>
    <subfield code="b">eng</subfield>
    <subfield code="e">rda</subfield>
    <subfield code="c">DLC</subfield>
  </datafield>
  <datafield tag="042" ind1=" " ind2=" ">
    <subfield code="a">pcc</subfield>
  </datafield>
  <datafield tag="043" ind1=" " ind2=" ">
    <subfield code="a">e-uk---</subfield>
  </datafield>
  <datafield tag="050" ind1="0" ind2="0">
    <subfield code="a">KD1949.S77(16e)</subfield>
  </datafield>
  <datafield tag="100" ind1="1" ind2=" ">
    <subfield code="a">Witting, Christian A.</subfield>
    <subfield code="9">2564</subfield>
  </datafield>
  <datafield tag="245" ind1="1" ind2="0">
    <subfield code="a">Street on torts /</subfield>
    <subfield code="c">Christian Witting.</subfield>
  </datafield>
  <datafield tag="250" ind1=" " ind2=" ">
    <subfield code="a">Sixteenth edition.</subfield>
  </datafield>
  <datafield tag="264" ind1=" " ind2="1">
    <subfield code="a">Oxford :</subfield>
    <subfield code="b">Oxford University Press,</subfield>
    <subfield code="c">2021.</subfield>
  </datafield>
  <datafield tag="300" ind1=" " ind2=" ">
    <subfield code="a">lx, 707 pages ;</subfield>
    <subfield code="c">25 cm.</subfield>
  </datafield>
  <datafield tag="337" ind1=" " ind2=" ">
    <subfield code="b">n</subfield>
  </datafield>
  <datafield tag="504" ind1=" " ind2=" ">
    <subfield code="a">Includes bibliographical references and index.</subfield>
  </datafield>
  <datafield tag="505" ind1=" " ind2=" ">
    <subfield code="a">Contents: Part I: Introduction: Overview of tort law -- Part II: Negligent invasions of personal, property, and financial interests: Duty of care I: foundational principles -- Duty of care II: bodily injury and psychiatric illness -- Duty of care III: property damage and purely financial loss -- Duty of care IV: public authorities -- Breach of duty -- Causation and remoteness -- Defences to negligence -- Liability for defective premises and structures -- Part III: Intentional invasions of interests in the person and property: Trespass to the person and related torts -- Wrongful interference with goods -- Trespass to land -- Defences to intentional torts against the person or property -- Part IV: Misrepresentation-based and 'economic' torts: False representations -- The general 'economic' torts -- Part V: Torts involving strict or stricter liability: Product liability -- Nuisance -- The rule in Rylands v Fletcher -- Breach of statutory duty -- Part VI: Interests in reputation: Interests in reputation defamation: Defamation: foundational principles -- Defences and remedies in defamation -- Part VII: Privacy: Privacy actions in torts -- Part VIII: Misuse of process and public powers: Misuse of process and public powers -- Part IX: Parties and remedies: Vicarious liability -- Capacity and parties -- Remedies.  </subfield>
  </datafield>
  <datafield tag="650" ind1=" " ind2="0">
    <subfield code="a">Torts</subfield>
    <subfield code="z">Great Britain.</subfield>
    <subfield code="9">1575</subfield>
  </datafield>
  <datafield tag="942" ind1=" " ind2=" ">
    <subfield code="2">lcc</subfield>
    <subfield code="c">BK</subfield>
  </datafield>
  <datafield tag="999" ind1=" " ind2=" ">
    <subfield code="c">10123</subfield>
    <subfield code="d">17623</subfield>
  </datafield>
  <datafield tag="952" ind1=" " ind2=" ">
    <subfield code="0">0</subfield>
    <subfield code="1">0</subfield>
    <subfield code="2">lcc</subfield>
    <subfield code="4">0</subfield>
    <subfield code="7">0</subfield>
    <subfield code="a">WIUC-1</subfield>
    <subfield code="b">WIUC-1</subfield>
    <subfield code="c">LL</subfield>
    <subfield code="d">2023-10-13</subfield>
    <subfield code="o">KD1949.S77(16e)</subfield>
    <subfield code="p">3325/433/23</subfield>
    <subfield code="r">2023-10-13 00:00:00</subfield>
    <subfield code="t">1</subfield>
    <subfield code="w">2023-10-13</subfield>
    <subfield code="y">BK</subfield>
  </datafield>
  <datafield tag="952" ind1=" " ind2=" ">
    <subfield code="0">0</subfield>
    <subfield code="1">0</subfield>
    <subfield code="2">lcc</subfield>
    <subfield code="4">0</subfield>
    <subfield code="7">0</subfield>
    <subfield code="a">WIUC-1</subfield>
    <subfield code="b">WIUC-1</subfield>
    <subfield code="c">LL</subfield>
    <subfield code="d">2023-10-13</subfield>
    <subfield code="o">KD1949.S771(16e)</subfield>
    <subfield code="p">3326/434/23</subfield>
    <subfield code="r">2023-10-13 00:00:00</subfield>
    <subfield code="t">2</subfield>
    <subfield code="w">2023-10-13</subfield>
    <subfield code="y">BK</subfield>
  </datafield>
  <datafield tag="952" ind1=" " ind2=" ">
    <subfield code="0">0</subfield>
    <subfield code="1">0</subfield>
    <subfield code="2">lcc</subfield>
    <subfield code="4">0</subfield>
    <subfield code="7">0</subfield>
    <subfield code="a">WIUC-1</subfield>
    <subfield code="b">WIUC-1</subfield>
    <subfield code="c">LL</subfield>
    <subfield code="d">2023-10-13</subfield>
    <subfield code="o">KD1949.S772(16e)</subfield>
    <subfield code="p">3327/435/23</subfield>
    <subfield code="r">2023-10-13 00:00:00</subfield>
    <subfield code="t">3</subfield>
    <subfield code="w">2023-10-13</subfield>
    <subfield code="y">BK</subfield>
  </datafield>
</record>
